Poètes de la Pléiade (XVIe Siècle) - Statistiques

Statistiques générales
  • Ce quiz a été pris 60 fois
  • Le résultat moyen est 2 sur 8
Statistiques - réponses
Hint Réponse % Correct
Auteur du célèbre "Mignonne, allons voir si la rose"... Pierre de Ronsard
91%
Son oeuvre la plus célèbre est "Les Regrets". Joachim du Bellay
80%
Principal artisan de l'introduction en France d'une versification quantitative mesurée. Jean-Antoine de Baïf
22%
Il est Ie premier à introduire l'alexandrin dans la tragédie à son époque. Etienne Jodelle
15%
Il est l'auteur de "La Bergerie". Rémy Belleau
9%
Membre du Parlement de Paris et protonotaire du Saint-Siège. Pontus de Tyard
7%
Il fût l'un des premiers à user de lettres en algèbre pour résoudre les systèmes d'équations linéaires. Jacques Peletier du Mans
2%
Il avait une mémoire prodigieuse. Ses péosies lui valurent les faveur de François 1er. Jean Dorat
2%
Aucun quiz correspondant
Distribution des résultats
% des personnes avec chaque résultat
Percentile par nombre de réponses
Votre historique - résultats
Vous n’avez pas pris ce quiz